000 01154nas a2200361 4500
001 BR0304373
003 BR-BrBNA
005 20231205104026.0
007 ta
008 230509b bl.|||p| |||| 00| 00por d
040 _aBR-BrBNA
_bpor
_cBiblioteca Nacional de Agricultura
041 _a(Pt)
072 _aL02; L01
100 1 _aDeresz, F.
100 1 _aMatos, L.L.
100 1 _aMozzer, O.L.
100 1 _aMartins, C.E.
100 1 _aAroeira, L.J.M.
100 1 _aVerneque, R.S.
100 1 _aCoser, A.C.
245 1 _aProdução de leite de vacas mestiças Holandês x Zebu em pastagem de capim-elefante, com e sem suplementação de concentrado durante a época das chuvas
650 _aGADO HOLANDÊS
650 _aGADO ZEBU
650 _aPASTAGEM
650 _aCAPIM ELEFANTE
650 _aSUPLEMENTO ALIMENTAR
650 _aPRODUÇÃO LEITEIRA
650 _aGANHO DE PESO
650 _aCONCENTRADO PROTÉICO
773 0 _tArquivo Brasileiro de Medicina Veterinária e Zootecnia (Brazil)
_xISSN 0102-0935
_g(Jun 2003), v. 55(3) p. 334-340
_wBR0304373
909 _a202311
_bLúcia
_c55
_dLúcia Elande
942 _2AGRIS
_n0
_cANA
999 _c176000
_d176000